Library Banner

The medic's guide to work and electives around the world (Record no. 21684)

MARC details
000 -LEADER
fixed length control field 00426nam a2200169Ia 4500
001 - CONTROL NUMBER
control field 21371
008 - FIXED-LENGTH DATA ELEMENTS--GENERAL INFORMATION
fixed length control field 140408s9999 xx 000 0 und d
020 ## - INTERNATIONAL STANDARD BOOK NUMBER
International Standard Book Number 0-340-76098-2
040 ## - CATALOGING SOURCE
Transcribing agency PK-LaUMT
082 ## - DEWEY DECIMAL CLASSIFICATION NUMBER
Classification number 610
Item number WIL-M
100 ## - MAIN ENTRY--PERSONAL NAME
Personal name Mark Wilson
245 #4 - TITLE STATEMENT
Title The medic's guide to work and electives around the world
Statement of responsibility, etc Mark Wilson
260 ## - PUBLICATION, DISTRIBUTION, ETC. (IMPRINT)
Place of publication, distribution, etc London,UK:
Name of publisher, distributor, etc Aronld,
Date of publication, distribution, etc 2000
300 ## - PHYSICAL DESCRIPTION
Extent 481 p.
546 ## - LANGUAGE NOTE
Language note EN
942 ## - ADDED ENTRY ELEMENTS (KOHA)
Koha item type Books
Holdings
Withdrawn status Lost status Damaged status Not for loan Home library Current library Date acquired Total Checkouts Full call number Barcode Date last seen Price effective from Koha item type
        UMT Main Campus UMT Main Campus 2014-04-08   610 WIL-M 24173 2014-04-23 2014-04-23 Books